Alberico Gentili: nel quarto centenario del de jure belli, atti del convegno ottava giornata gentiliana

Guardat en:
Dades bibliogràfiques
Format: Llibre
Idioma:italià
Publicat: Milán A. Giuffrè 2000
Col·lecció:Centro Internazionale di Studi Gentiliani, 6
Matèries:
Etiquetes: Afegir etiqueta
Sense etiquetes, Sigues el primer a etiquetar aquest registre!

MARC

LEADER 00000nam a2200000 a 4500
001 UCN4382
003 CL-VaPUC
005 20211223074352.0
008 010803e20000000it 1 ita d
082 0 4 |a 340.109  |b ALB  |2 21 
245 1 0 |a Alberico Gentili: nel quarto centenario del de jure belli, atti del convegno ottava giornata gentiliana 
260 |a Milán  |b A. Giuffrè  |c 2000 
300 |a 344 p 
490 0 |a Centro Internazionale di Studi Gentiliani, 6 
583 |a last modification  |c 20010803 00:00:00  |k Rodrigo Vera 
600 1 7 |a GENTILI, ALBERICO  |2 CL-VaPUC  |9 326221 
650 0 0 |a Derecho internacional  |9 255637 
650 0 0 |a Derecho común  |9 376758 
942 |c BK 
945 |a vberengu  |d 20010803 00:00:00 
546 |a En Italiano 
536 |a Centro Internazionale di Studi Gentiliani 
518 |p Giornata Gentiliana, 8, San Ginesio-Macerata, 26-27-28 novembre 1998 
999 |c 383679  |d 383677 
952 |0 0  |1 0  |4 0  |6 340_109000000000000_ALB_2000  |7 0  |8 DER_HIS  |9 505888  |a BIBDER  |b BIBDER  |d 2020-01-23  |i 3741842  |l 1  |o 340.109 ALB 2000  |p 3741842  |r 2023-01-25  |s 2020-03-17  |w 2020-01-23  |x Ubicación 4to Piso  |y BK  |z Estos recursos deben solicitarse con anticipación  |k DER